000 00475nam a22001577a 4500
003 macl
005 20190421130600.0
008 190421b xxu||||| |||| 00| 0 eng d
040 _cmacl
082 _a740
100 _aभारद्वाज, विनोद
_974340
245 _aकला चित्रकला
260 _aदिल्‍ली
_bप्रवीण प्रकाशन
_c2016
650 _aचित्रकला
_953024
942 _2ddc
_cHIN
999 _c59395
_d59395